|
|
|
|
| LEADER |
01074nam a2200313 4500 |
| 001 |
DLU090084207 |
| 005 |
##20091104 |
| 040 |
# |
# |
|a DLU
|b vie
|
| 041 |
# |
# |
|a vie
|
| 044 |
# |
# |
|a vn
|
| 245 |
# |
# |
|a Xác định nhanh chóng và chính xác gen kiểm soát tính trạng mùi thơm (fgr) ở lúa bằng tổ hợp mồi đặc biệt /
|c Đỗ Thị Thu Hương, Nguyễn Văn Đồng, Phạm Văn Duy, Lê Thị Thu Về, Đỗ Năng Vinh.
|
| 653 |
# |
# |
|a Cây lương thực
|
| 653 |
# |
# |
|a Gen
|
| 653 |
# |
# |
|a Giống cây
|
| 700 |
# |
# |
|a Đỗ Năng Vinh.
|
| 700 |
# |
# |
|a Đỗ Thị Thu Hương.
|
| 700 |
# |
# |
|a Lê Thị Thu Về.
|
| 700 |
# |
# |
|a Nguyễn Văn Đồng.
|
| 700 |
# |
# |
|a Phạm Văn Duy.
|
| 773 |
# |
# |
|t Nông nghiệp và phát triển nông thôn
|g Số 8(125), 2008, tr. 3-6
|
| 920 |
# |
# |
|a Phòng Tạp chí -- Trung tâm Thông tin - Thư viện Trường Đại học Đà Lạt
|
| 994 |
# |
# |
|a DLU
|
| 900 |
# |
# |
|a True
|
| 911 |
# |
# |
|a Nguyễn Thị Linh Chi
|
| 925 |
# |
# |
|a G
|
| 926 |
# |
# |
|a A
|
| 927 |
# |
# |
|a BB
|
| 980 |
# |
# |
|a Thư viện Trường Đại học Đà Lạt
|